Capital Cities (or Mythological Creatures?) - Statistics

General Stats
  • This quiz has been taken 55 times
  • The average score is 16 of 21
Answer Stats
Capital (?) Country or NOT % Correct
Chupacabra NOT
98%
Cerberus NOT
96%
Sasquatch NOT
96%
Yeti NOT
94%
Kraken NOT
92%
Lycanthrope NOT
92%
Wendigo NOT
92%
Quetzalcoatl NOT
90%
Gojira NOT
88%
Rodan NOT
84%
Djibouti Djibouti
80%
Ulaanbaatar Mongolia
76%
Riyadh Saudi Arabia
74%
Khartoum Sudan
68%
Tbilisi Georgia
66%
Ljubljana Slovenia
66%
Windhoek Namibia
62%
Ouagadougou Burkina Faso
56%
Bujumbura Burundi
46%
Yaren Nauru
46%
Nouakchott Mauritania
42%
No matching quizzes found
Score Distribution
Percent of People with Each Score
Percentile by Number Answered
Your Score History
You have not taken this quiz